[Event "Mondariz zt 1.1"]
[Site "Mondariz"]
[Date "2000.09.10"]
[Round "7"]
[White "Grant, Jonathan"]
[Black "McMahon, Daire"]
[Result "1-0"]
[WhiteElo "2208"]
[BlackElo "2246"]
[EventDate "2000.09.03"]
[PlyCount "96"]

1.c4 e5 2.Nc3 Nc6 3.g3 g6 4.Bg2 Bg7 5.e4 Nge7 6.Nge2 O-O 7.d3 d6 8.O-O Be6
9.Nd5 Qd7 10.Be3 Nd4 11.Nxd4 exd4 12.Bh6 Rae8 13.Qd2 c6 14.Bxg7 Kxg7 15.
Nf4 Qc7 16.h4 Bc8 17.b4 b6 18.a4 a5 19.Rab1 Bd7 20.bxa5 bxa5 21.c5 Rb8 22.
Rxb8 Rxb8 23.cxd6 Qxd6 24.Qxa5 Rb2 25.e5 Qb8 26.h5 Rc2 27.e6 Bxe6 28.Qg5 
Nf5 29.Nxe6+ fxe6 30.g4 Nh6 31.Qe7+ Nf7 32.h6+ Kg8 33.Qxe6 Qd6 34.Qe8+ Qf8
35.Qxf8+ Kxf8 36.Ra1 Nd8 37.a5 Rb2 38.a6 Rb8 39.Ra4 Ra8 40.Rxd4 Ke7 41.Ra4
Kd6 42.f4 Ra7 43.Kf2 Ne6 44.Ke3 Nc5 45.Rd4+ Kc7 46.Rc4 Nxa6 47.Rxc6+ Kd8 
48.Be4 Re7 1-0

[Event "Mondariz zt 1.1"]
[Site "Mondariz"]
[Date "2000.09.10"]
[Round "7"]
[White "Magem Badals, Jordi"]
[Black "Hodgson, Julian M"]
[Result "1/2-1/2"]
[WhiteElo "2482"]
[BlackElo "2640"]
[EventDate "2000.09.03"]
[PlyCount "205"]

1.e4 g6 2.d4 Bg7 3.Nc3 c6 4.Nf3 d6 5.Be3 Nf6 6.Qd2 Qa5 7.Bd3 Bg4 8.Ng1 Na6
9.f3 Bd7 10.Nge2 e5 11.dxe5 dxe5 12.a3 Nc5 13.Bc4 Ne6 14.O-O Rd8 15.b4 Qc7
16.Qe1 O-O 17.Qf2 Nd4 18.Rad1 Be6 19.Bxe6 fxe6 20.h3 c5 21.bxc5 Nxc2 22.
Nb5 Qc6 23.Nec3 Nxe3 24.Qxe3 a6 25.Rd6 Rxd6 26.Nxd6 Nd7 27.Rd1 Nxc5 28.Nc4
Rc8 29.Qg5 Nd7 30.Nd6 Rf8 31.Ne2 Nc5 32.Qc1 Rd8 33.Nc4 Rc8 34.Qg5 Qc7 35.
Ne3 Nb3 36.Ng4 Nd4 37.Nxd4 exd4 38.e5 Qc5 39.a4 Kh8 40.h4 Rf8 41.Rc1 Qb4 
42.h5 gxh5 43.Nf6 d3 44.Qxh5 Bxf6 45.exf6 Qd4+ 46.Kf1 Qxf6 47.Qc5 Rg8 48.
Qb6 Qg7 49.Qf2 e5 50.Kg1 Qg5 51.Rd1 Rd8 52.Qb6 d2 53.f4 exf4 54.Qb2+ Qg7 
55.Rxd2 Qxb2 56.Rxb2 Rd7 57.Kf2 Kg7 58.Kf3 Rf7 59.a5 Kf8 60.Re2 Rf5 61.Rb2
Rb5 62.Rc2 Rxa5 63.Rc8+ Kg7 64.Rc7+ Kg6 65.Rxb7 Rf5 66.Ke4 Rf7 67.Rb6+ Kg5
68.Kf3 Rf6 69.Rb7 h6 70.Rc7 Kf5 71.Rc5+ Ke6 72.Ra5 Kd7 73.Ke4 Kc7 74.Ke5 
Rg6 75.Ra2 a5 76.Kxf4 Kb6 77.g4 Kb5 78.Rb2+ Kc4 79.Rb8 Ra6 80.Rc8+ Kd3 81.
Rd8+ Ke2 82.Re8+ Kf2 83.Rb8 a4 84.Rb2+ Ke1 85.Ke3 Kd1 86.Kd3 Kc1 87.Rh2 a3
88.Kc3 Kd1 89.Ra2 Ra4 90.Kb3 Ra6 91.Kc3 Ke1 92.Kb4 Kf1 93.Kb5 Ra8 94.Kb4 
Kg1 95.Kb5 Ra7 96.Kb4 Rg7 97.Ra1+ Kg2 98.Ra2+ Kg3 99.Rxa3+ Kxg4 100.Kc3 
Rd7 101.Ra4+ Kg3 102.Ra5 Rh7 103.Kd2 1/2-1/2

[Event "Mondariz zt 1.1"]
[Site "Mondariz"]
[Date "2000.09.10"]
[Round "7"]
[White "Moreno Carnero, Javier"]
[Black "Norris, Alan J"]
[Result "1-0"]
[WhiteElo "2515"]
[BlackElo "2299"]
[EventDate "2000.09.03"]
[PlyCount "75"]

1.e4 c5 2.Nf3 d6 3.d4 cxd4 4.Nxd4 Nf6 5.Nc3 Nc6 6.Bg5 e6 7.Qd2 Be7 8.O-O-O
O-O 9.f3 Nxd4 10.Qxd4 Qa5 11.Qd2 Rd8 12.Kb1 b6 13.h4 Bb7 14.Qe1 Rac8 15.
Bd3 Ba6 16.g4 Bxd3 17.Rxd3 b5 18.Qd2 b4 19.Ne2 Rd7 20.a3 Rb7 21.Rb3 Rcb8 
22.Nd4 Qc5 23.axb4 Rxb4 24.Rxb4 Rxb4 25.Nc6 Rb7 26.Nxe7+ Rxe7 27.h5 Rb7 
28.Rd1 Ne8 29.Be3 Qb5 30.Bd4 a5 31.Qd3 Qc6 32.Qa3 a4 33.h6 g6 34.g5 Nc7 
35.Qc3 Qe8 36.Bb6 f6 37.Bxc7 a3 38.Rxd6 1-0

[Event "Mondariz zt 1.1"]
[Site "Mondariz"]
[Date "2000.09.10"]
[Round "7"]
[White "Nijboer, Friso"]
[Black "Narciso Dublan, Marc"]
[Result "1-0"]
[WhiteElo "2537"]
[BlackElo "2507"]
[EventDate "2000.09.03"]
[PlyCount "117"]

1.e4 e5 2.Nf3 Nc6 3.Bb5 Nf6 4.O-O Nxe4 5.d4 Nd6 6.Bxc6 dxc6 7.dxe5 Nf5 8.
Qxd8+ Kxd8 9.Nc3 h6 10.h3 Bd7 11.Bf4 Kc8 12.Rad1 Bb4 13.Ne4 Be6 14.g4 Bd5 
15.gxf5 Bxe4 16.Nd4 Bd5 17.Kh2 g5 18.Bg3 b6 19.b3 c5 20.c3 Ba5 21.b4 cxb4 
22.cxb4 Bxb4 23.Nc2 Bc4 24.Nxb4 Bxf1 25.Rxf1 Rd8 26.e6 fxe6 27.fxe6 Kb7 
28.Re1 Rd2 29.Re5 Re8 30.Nd5 Rxa2 31.Nxc7 Kxc7 32.Re2+ Kb7 33.Rxa2 Rxe6 
34.h4 a5 35.h5 Kc6 36.Kh3 Kc5 37.Kg4 Kb4 38.Kf5 Rc6 39.Rd2 b5 40.Rd6 Rc5+ 
41.Kg6 Kc4 42.Kxh6 b4 43.Kg6 b3 44.h6 b2 45.Rd1 Kb3 46.h7 Rc1 47.Rd3+ Kc4 
48.h8=Q b1=Q 49.Qd4+ Kb5 50.Qd5+ Ka6 51.Qa8+ Kb5 52.Qb7+ Kc4 53.Qd5+ Kb4 
54.Qe4+ Kb5 55.Rd5+ Kb6 56.Qxb1+ Rxb1 57.Kxg5 a4 58.Be5 a3 59.Rd3 1-0

[Event "Mondariz zt 1.1"]
[Site "Mondariz"]
[Date "2000.09.10"]
[Round "7"]
[White "Parker, Jonathan"]
[Black "Tiviakov, Sergei"]
[Result "1/2-1/2"]
[WhiteElo "2539"]
[BlackElo "2608"]
[EventDate "2000.09.03"]
[PlyCount "83"]

1.Nf3 Nf6 2.c4 b6 3.g3 Bb7 4.Bg2 e6 5.O-O Be7 6.b3 O-O 7.Bb2 d5 8.e3 c5 9.
Nc3 dxc4 10.bxc4 Nc6 11.Qe2 Qc7 12.Rfd1 a6 13.Rab1 Rab8 14.Ba1 Rfd8 15.d3 
Na7 16.a4 Nc6 17.Ne1 Nb4 18.f4 Bxg2 19.Qxg2 Rd7 20.Rd2 Rbd8 21.Rbd1 Ne8 
22.g4 Qc6 23.Qxc6 Nxc6 24.Kf1 Nd6 25.Ke2 Nb7 26.Nf3 Nba5 27.Rb1 Nb4 28.Ne5
Rc7 29.f5 Nac6 30.Ne4 f6 31.Nxc6 Rxc6 32.Bc3 Kf7 33.a5 bxa5 34.Ra1 h5 35.
h3 hxg4 36.hxg4 exf5 37.gxf5 Rh8 38.Rxa5 Rh2+ 39.Kd1 Rh1+ 40.Ke2 Rh2+ 41.
Kd1 Rh1+ 42.Ke2 1/2-1/2

[Event "Mondariz zt 1.1"]
[Site "Mondariz"]
[Date "2000.09.10"]
[Round "7"]
[White "Plaskett, Jim"]
[Black "Efimov, Igor"]
[Result "1-0"]
[WhiteElo "2525"]
[BlackElo "2520"]
[EventDate "2000.09.03"]
[PlyCount "55"]

1.e4 c5 2.Nc3 e6 3.Nf3 a6 4.g3 b5 5.d4 Bb7 6.Bg2 b4 7.Na4 Bxe4 8.O-O cxd4 
9.Bg5 Nf6 10.Qxd4 Nc6 11.Qe3 d5 12.c4 bxc3 13.Nxc3 Bxf3 14.Bxf6 gxf6 15.
Bxf3 Ne5 16.Bg2 Be7 17.Qh6 Bf8 18.Qh5 Bg7 19.f4 Nc4 20.Nxd5 exd5 21.Rfe1+ 
Kf8 22.Bxd5 Qd7 23.Bxa8 Qa7+ 24.Kf1 f5 25.Bd5 Nd6 26.Rac1 Qb8 27.Rc6 Qb5+ 
28.Qe2 1-0

[Event "Mondariz zt 1.1"]
[Site "Mondariz"]
[Date "2000.09.10"]
[Round "7"]
[White "Reinderman, Dimitri"]
[Black "Godena, Michele"]
[Result "1/2-1/2"]
[WhiteElo "2551"]
[BlackElo "2485"]
[EventDate "2000.09.03"]
[PlyCount "61"]

1.e4 e5 2.Nf3 Nc6 3.Bb5 a6 4.Bxc6 dxc6 5.O-O Qd6 6.Na3 b5 7.c3 c5 8.Nc2 c4
9.b3 f6 10.bxc4 bxc4 11.Ba3 Qc6 12.Nxe5 fxe5 13.Qh5+ Qg6 14.Qxe5+ Ne7 15.
Rab1 Bd7 16.f4 Kd8 17.f5 Qf6 18.Qc5 Nc6 19.Qxc4 Bxa3 20.Nxa3 Qd6 21.Nc2 
Ne5 22.Qd4 Bb5 23.Rfe1 Bd3 24.Rbc1 Rb8 25.Ne3 Rb2 26.Nd5 c6 27.Nf4 Kd7 28.
Qa7+ Qc7 29.Qd4+ Qd6 30.Qa7+ Qc7 31.Qd4+ 1/2-1/2

[Event "Mondariz zt 1.1"]
[Site "Mondariz"]
[Date "2000.09.10"]
[Round "7"]
[White "Ryan, Joseph"]
[Black "Reinaldo Castineira, Roi"]
[Result "1/2-1/2"]
[WhiteElo "2291"]
[BlackElo "2416"]
[EventDate "2000.09.03"]
[PlyCount "138"]

1.d4 e6 2.Nf3 Nf6 3.e3 c5 4.Bd3 Nc6 5.O-O d5 6.b3 Bd6 7.Bb2 O-O 8.Ne5 Qc7 
9.f4 Nb4 10.Ba3 Nxd3 11.cxd3 cxd4 12.Bxd6 Qxd6 13.exd4 Qb6 14.Nf3 Bd7 15.
Nc3 a5 16.Qd2 Ne8 17.Kh1 Nd6 18.g4 Rfc8 19.Rfc1 Rc7 20.Ne2 a4 21.b4 Rac8 
22.Rc5 Nb5 23.Rac1 Qd6 24.Nc3 Na7 25.a3 f6 26.Kg2 Bc6 27.Ne2 b6 28.R5c2 
Nb5 29.Ra1 Be8 30.Rxc7 Rxc7 31.Qb2 Rc6 32.Rc1 Rxc1 33.Qxc1 Qc6 34.Qb2 Bg6 
35.Ne1 h5 36.h3 hxg4 37.hxg4 Kf7 38.Kf2 Ke7 39.Ke3 Be8 40.Nf3 Bd7 41.g5 
Qc8 42.Kd2 Qh8 43.Qc1 Qh3 44.Ke3 Qg2 45.gxf6+ gxf6 46.Ne1 Qf1 47.Nc2 Qh3+ 
48.Kd2 Nd6 49.Ne3 Nb5 50.Nc2 Be8 51.Qg1 Qh7 52.Nc3 Nd6 53.Ne3 Bg6 54.Nxa4 
Bxd3 55.Nxb6 Bb5 56.f5 Ne4+ 57.Kc1 Kf8 58.Nc2 Qc7 59.Na8 Qf4+ 60.Kb2 Qxf5 
61.Qh2 Bd3 62.Nc7 Ke7 63.b5 Nd6 64.a4 Qe4 65.Kc3 Bf1 66.Qg3 Nf5 67.Qg8 
Qd3+ 68.Kb2 Nxd4 69.Qg7+ Kd8 1/2-1/2

[Event "Mondariz zt 1.1"]
[Site "Mondariz"]
[Date "2000.09.11"]
[Round "8"]
[White "Galego, Luis"]
[Black "Ryan, Joseph"]
[Result "1-0"]
[WhiteElo "2419"]
[BlackElo "2291"]
[EventDate "2000.09.03"]
[PlyCount "77"]

1.e4 e6 2.d4 d5 3.Nc3 Bb4 4.exd5 exd5 5.Bd3 Nc6 6.a3 Be7 7.Nf3 Bg4 8.Be3 
Nf6 9.h3 Bh5 10.Qe2 O-O 11.g4 Bg6 12.Bxg6 hxg6 13.O-O-O Na5 14.Ne5 c6 15.
h4 Nd7 16.h5 Nxe5 17.dxe5 Nc4 18.e6 fxe6 19.hxg6 Qe8 20.Kb1 Qxg6 21.Bc1 e5
22.f4 Bd6 23.f5 Qf6 24.Ne4 Qe7 25.Ng5 e4 26.Rh3 e3 27.Ne6 Rfe8 28.Rdh1 Qf6
29.Qg2 Kf7 30.g5 Qxf5 31.Rf3 Qxf3 32.Qxf3+ Kxe6 33.Qg4+ Ke7 34.Ka2 Be5 35.
Re1 d4 36.c3 c5 37.Qe4 Kf8 38.Qd5 e2 39.Qxc4 1-0

[Event "Mondariz zt 1.1"]
[Site "Mondariz"]
[Date "2000.09.11"]
[Round "8"]
[White "Hauchard, Arnaud"]
[Black "Moreno Carnero, Javier"]
[Result "1-0"]
[WhiteElo "2539"]
[BlackElo "2515"]
[EventDate "2000.09.03"]
[PlyCount "77"]

1.g3 g6 2.Bg2 Bg7 3.d4 d6 4.e4 c5 5.c3 cxd4 6.cxd4 Nc6 7.Ne2 Bg4 8.f3 Bd7 
9.Nbc3 Nf6 10.Be3 O-O 11.Qd2 Qb8 12.O-O b5 13.Rac1 a5 14.d5 Nb4 15.Nd4 Rc8
16.Rfd1 Na6 17.Nce2 Nc5 18.Rc2 Ra7 19.Rdc1 Rac7 20.Nc6 Bxc6 21.dxc6 b4 22.
e5 Ne8 23.Bxc5 dxc5 24.f4 e6 25.Rxc5 Bf8 26.R5c4 Ng7 27.g4 h5 28.h3 hxg4 
29.hxg4 Be7 30.Bf3 Rf8 31.Kg2 f6 32.exf6 Rxf6 33.Ng3 Rf8 34.Qd3 Bh4 35.
Qxg6 Qd8 36.Rd1 Qb8 37.Nh5 Qa7 38.Rcd4 Qa6 39.Rd7 1-0

[Event "Mondariz zt 1.1"]
[Site "Mondariz"]
[Date "2000.09.11"]
[Round "8"]
[White "Hodgson, Julian M"]
[Black "Norris, Alan J"]
[Result "1-0"]
[WhiteElo "2640"]
[BlackElo "2299"]
[EventDate "2000.09.03"]
[PlyCount "127"]

1.c4 e5 2.Nc3 Nf6 3.Nf3 Nc6 4.g3 d5 5.cxd5 Nxd5 6.Bg2 Nb6 7.Rb1 a5 8.O-O 
Be7 9.d3 O-O 10.Be3 Bg4 11.a3 Re8 12.Bxb6 cxb6 13.Qa4 Qd7 14.Rfe1 Bc5 15.
Rbc1 f5 16.Qc4+ Kh8 17.Na4 e4 18.Nxc5 bxc5 19.dxe4 fxe4 20.Ng5 Ne5 21.Qc2 
Nc6 22.Qc4 Ne5 23.Qxc5 Bxe2 24.Rxe2 Rac8 25.Qe3 Ng4 26.Rxc8 Nxe3 27.Rxe8+ 
Qxe8 28.Rxe3 Qb5 29.Nxe4 Qxb2 30.Bf1 g6 31.a4 Qa1 32.Nc3 b6 33.h4 Kg7 34.
Kg2 Qb2 35.Bb5 Qb4 36.Ne4 Qd4 37.Ng5 Qd5+ 38.Kg1 h6 39.Nf3 g5 40.hxg5 hxg5
41.Ne5 Qd1+ 42.Kg2 Qd5+ 43.Kh2 Qd2 44.Nd3 Qc3 45.Re4 Kf6 46.Rc4 Qa1 47.
Rc6+ Kf5 48.Rxb6 Qh8+ 49.Kg1 Qa1+ 50.Kg2 Qd4 51.Rc6 Qe4+ 52.f3 Qe2+ 53.Nf2
Qd2 54.Rc2 Qd5 55.Ne4 Kg6 56.Rc6+ Kg7 57.Rc5 Qa2+ 58.Kh3 Qe6+ 59.g4 Qb3 
60.Rxg5+ Kh6 61.Rf5 Qd1 62.Ng3 Qg1 63.Bd3 Kg7 64.Rg5+ 1-0

[Event "Mondariz zt 1.1"]
[Site "Mondariz"]
[Date "2000.09.11"]
[Round "8"]
[White "Jonkman, Harmen"]
[Black "Conquest, Stuart"]
[Result "0-1"]
[WhiteElo "2424"]
[BlackElo "2529"]
[EventDate "2000.09.03"]
[PlyCount "56"]

1.e4 c5 2.c3 d5 3.exd5 Qxd5 4.d4 g6 5.Na3 Bg7 6.Nb5 Na6 7.Be3 Nf6 8.dxc5 
Bg4 9.Nf3 O-O 10.Be2 Rfd8 11.Qb3 Qh5 12.h3 Nxc5 13.Bxc5 Bxf3 14.Bxf3 Qxc5 
15.O-O e5 16.Rae1 Re8 17.Rd1 e4 18.Nd6 exf3 19.Qxf7+ Kh8 20.Nxe8 Rxe8 21.
Rd7 Rg8 22.Rd3 fxg2 23.Re1 Rf8 24.Qe7 Qc8 25.Red1 h5 26.Rf3 Qc6 27.Rg3 Nd5
28.Rxg2 Nxe7 0-1

[Event "Mondariz zt 1.1"]
[Site "Mondariz"]
[Date "2000.09.11"]
[Round "8"]
[White "McMahon, Daire"]
[Black "Efimov, Igor"]
[Result "0-1"]
[WhiteElo "2246"]
[BlackElo "2520"]
[EventDate "2000.09.03"]
[PlyCount "66"]

1.d4 d6 2.e4 g6 3.c4 Bg7 4.Nc3 Nd7 5.Nf3 e5 6.Be2 Ne7 7.O-O O-O 8.Re1 h6 
9.Bf1 Nc6 10.Be3 exd4 11.Nxd4 Nde5 12.Nxc6 bxc6 13.Rc1 c5 14.f3 Rb8 15.b3 
f5 16.Qd2 g5 17.exf5 Bxf5 18.Kh1 Qf6 19.Nd5 Qf7 20.Bg1 Rbe8 21.Rcd1 Bh7 
22.Re3 Re6 23.Rde1 h5 24.Rd1 Bh6 25.Qa5 g4 26.f4 Bxf4 27.Nxf4 Qxf4 28.Qxc7
Be4 29.Rde1 Ba8 30.R3e2 g3 31.Be3 Qg4 32.Rd2 Ref6 33.Be2 Qh3 0-1

[Event "Mondariz zt 1.1"]
[Site "Mondariz"]
[Date "2000.09.11"]
[Round "8"]
[White "Narciso Dublan, Marc"]
[Black "Emms, John M"]
[Result "1/2-1/2"]
[WhiteElo "2507"]
[BlackElo "2527"]
[EventDate "2000.09.03"]
[PlyCount "49"]

1.d4 Nf6 2.c4 e6 3.Nf3 c5 4.d5 d6 5.Nc3 exd5 6.cxd5 g6 7.h3 Bg7 8.e4 O-O 
9.Bd3 b5 10.Bxb5 Nxe4 11.Nxe4 Qa5+ 12.Nfd2 Qxb5 13.Nxd6 Qa6 14.N2c4 Nd7 
15.O-O Nb6 16.Nxb6 Qxb6 17.Nxc8 Raxc8 18.Qg4 c4 19.Rb1 Qb5 20.Be3 Qxd5 21.
Bxa7 h5 22.Qf4 Qa5 23.Bd4 Bxd4 24.Qxd4 Qxa2 25.Qc3 1/2-1/2

[Event "Mondariz zt 1.1"]
[Site "Mondariz"]
[Date "2000.09.11"]
[Round "8"]
[White "Nataf, Igor Alexandre"]
[Black "Degraeve, Jean Marc"]
[Result "1-0"]
[WhiteElo "2526"]
[BlackElo "2540"]
[EventDate "2000.09.03"]
[PlyCount "107"]

1.e4 e6 2.d4 d5 3.Nc3 Bb4 4.exd5 exd5 5.Bd3 Nc6 6.a3 Bxc3+ 7.bxc3 Nf6 8.
Ne2 O-O 9.O-O Na5 10.Ng3 Re8 11.Re1 Rxe1+ 12.Qxe1 Be6 13.Qe5 Nc6 14.Qe2 
Qd6 15.Bg5 Bd7 16.Bxf6 Qxf6 17.Qh5 g6 18.Qxd5 Rd8 19.Ne4 Qe7 20.Qg5 Qxg5 
21.Nxg5 h6 22.Ne4 b6 23.Nf6+ Kf8 24.Re1 Na5 25.f3 Be6 26.Kf2 Kg7 27.Ne4 
Nc6 28.Nd2 Ne7 29.Bc4 Nd5 30.Bxd5 Rxd5 31.Nb3 Rd6 32.Ke3 Rc6 33.Kd3 Bf5+ 
34.Kd2 Rc4 35.Ra1 h5 36.Nc1 Ra4 37.Nd3 Bxd3 38.cxd3 c6 39.Kc2 h4 40.Kb3 
Ra5 41.Re1 Rg5 42.Re2 Rf5 43.Re5 Kf6 44.Rxf5+ Kxf5 45.g3 hxg3 46.hxg3 Ke6 
47.c4 f5 48.f4 Kd6 49.Kb4 Kc7 50.c5 Kd7 51.cxb6 axb6 52.d5 cxd5 53.Kb5 Kc7
54.d4 1-0

[Event "Mondariz zt 1.1"]
[Site "Mondariz"]
[Date "2000.09.12"]
[Round "9"]
[White "Arlandi, Ennio"]
[Black "Hodgson, Julian M"]
[Result "1-0"]
[WhiteElo "2437"]
[BlackElo "2640"]
[EventDate "2000.09.03"]
[PlyCount "87"]

1.d4 d5 2.c4 c6 3.e3 Nf6 4.Nc3 a6 5.Qc2 b5 6.b3 g6 7.Bd3 Bg7 8.Nf3 O-O 9.
O-O Nbd7 10.Bb2 Bb7 11.Rad1 Rb8 12.c5 Qc7 13.b4 a5 14.a3 Ra8 15.h3 Nh5 16.
Rd2 e6 17.Qb1 f5 18.Ng5 Rae8 19.f4 Ng3 20.Rfd1 Ne4 21.Ngxe4 fxe4 22.Bf1 g5
23.g3 h5 24.Rg2 h4 25.Ne2 Kh8 26.gxh4 gxf4 27.Nxf4 Rxf4 28.exf4 Qxf4 29.
Qc1 e5 30.dxe5 Qxc1 31.Rxc1 Bxe5 32.Bxb5 axb4 33.axb4 Bxb2 34.Rxb2 cxb5 
35.c6 Bxc6 36.Rxc6 Ne5 37.Ra6 Nf3+ 38.Kf1 Rc8 39.Rba2 Rc4 40.Kf2 d4 41.Re6
d3 42.Ra7 Rc8 43.Rxe4 Rd8 44.Ree7 1-0

[Event "Mondariz zt 1.1"]
[Site "Mondariz"]
[Date "2000.09.12"]
[Round "9"]
[White "Degraeve, Jean Marc"]
[Black "David, Alberto"]
[Result "1-0"]
[WhiteElo "2540"]
[BlackElo "2487"]
[EventDate "2000.09.03"]
[PlyCount "81"]

1.e4 c5 2.Nf3 e6 3.c3 Nf6 4.e5 Nd5 5.Bc4 d6 6.O-O Nc6 7.d4 cxd4 8.cxd4 Be7
9.Qe2 O-O 10.Qe4 Kh8 11.a3 Bd7 12.Bd3 f5 13.exf6 Nxf6 14.Qh4 Qe8 15.Nc3 
Nh5 16.Qe4 Nf6 17.Qh4 Nh5 18.Qe4 Nf6 19.Qe2 Qh5 20.h3 Nd5 21.Ng5 Qxe2 22.
Nxe2 h6 23.Ne4 e5 24.dxe5 Nxe5 25.Bc2 Rac8 26.Bb3 Nf6 27.N4c3 d5 28.Be3 
Nd3 29.Bxd5 b6 30.h4 Nxd5 31.Nxd5 Bd6 32.Rfd1 Bb5 33.Rd2 Kh7 34.Nec3 Bc4 
35.Rad1 Be5 36.Rxd3 Bxd3 37.Rxd3 Rfd8 38.Ne4 Kh8 39.g3 Bxb2 40.Rb3 Bc1 41.
Nf4 1-0

[Event "Mondariz zt 1.1"]
[Site "Mondariz"]
[Date "2000.09.12"]
[Round "9"]
[White "Efimov, Igor"]
[Black "Bellini, Fabio"]
[Result "1-0"]
[WhiteElo "2520"]
[BlackElo "2484"]
[EventDate "2000.09.03"]
[PlyCount "61"]

1.d4 d5 2.c4 e6 3.Nc3 c6 4.e3 f5 5.Bd3 Nf6 6.Nge2 Bd6 7.Qc2 O-O 8.f3 Kh8 
9.Bd2 Qe7 10.O-O Na6 11.a3 dxc4 12.Bxc4 b5 13.Bd3 b4 14.Na4 Bb7 15.Bc4 e5 
16.Qxf5 exd4 17.exd4 c5 18.Qd3 Bc6 19.Bxa6 Bxa4 20.axb4 c4 21.Bxc4 Bc6 22.
b5 Bb7 23.Nf4 Bxf4 24.Bxf4 Nd5 25.Be5 Nb6 26.Bb3 Bc8 27.Rfe1 Bf5 28.Qd2 
Qd7 29.Qg5 Bg6 30.Be6 Qb7 31.Rac1 1-0

[Event "Mondariz zt 1.1"]
[Site "Mondariz"]
[Date "2000.09.12"]
[Round "9"]
[White "Godena, Michele"]
[Black "Conquest, Stuart"]
[Result "1-0"]
[WhiteElo "2485"]
[BlackElo "2529"]
[EventDate "2000.09.03"]
[PlyCount "127"]

1.e4 d6 2.d4 Nf6 3.Nc3 g6 4.g3 Bg7 5.Bg2 O-O 6.h3 Nbd7 7.Be3 Rb8 8.a4 b6 
9.Nge2 c5 10.d5 a6 11.g4 b5 12.axb5 axb5 13.Ng3 Nb6 14.Nce2 e6 15.dxe6 
fxe6 16.f4 Nfd7 17.Bc1 d5 18.O-O d4 19.g5 Bb7 20.h4 Ra8 21.Rxa8 Qxa8 22.c3
Rd8 23.Kh2 Nf8 24.cxd4 cxd4 25.Qd3 Na4 26.b4 Nc3 27.Bb2 Nxe2 28.Nxe2 Qa2 
29.Rb1 e5 30.Nc1 Qf7 31.Qb3 exf4 32.Qxf7+ Kxf7 33.Nd3 Ne6 34.e5 Bxg2 35.
Kxg2 Rc8 36.Rc1 Rc4 37.Kf3 h6 38.gxh6 Bxh6 39.Ra1 Bf8 40.Ra7+ Be7 41.Bc1 
Rc3 42.Ke4 g5 43.h5 f3 44.Bb2 Rb3 45.Bxd4 g4 46.Bf2 Ng5+ 47.Kd4 Ke6 48.Bh4
Bd8 49.Bxg5 Bb6+ 50.Nc5+ Kf5 51.e6 Bxa7 52.e7 Bxc5+ 53.bxc5 Rb4+ 54.Kd5 
Re4 55.c6 Re5+ 56.Kd4 Re4+ 57.Kd5 f2 58.c7 f1=Q 59.c8=Q+ Kxg5 60.Qg8+ Kh4 
61.Kxe4 Qe2+ 62.Kf5 Qf3+ 63.Ke5 Qe3+ 64.Kf6 1-0

[Event "Mondariz zt 1.1"]
[Site "Mondariz"]
[Date "2000.09.12"]
[Round "9"]
[White "Grant, Jonathan"]
[Black "Ryan, Joseph"]
[Result "0-1"]
[WhiteElo "2208"]
[BlackElo "2291"]
[EventDate "2000.09.03"]
[PlyCount "141"]

1.c4 e6 2.Nc3 b6 3.e4 Bb7 4.Nf3 Bb4 5.Bd3 Ne7 6.a3 Bxc3 7.bxc3 d6 8.Bc2 
Nd7 9.d4 e5 10.O-O Ng6 11.Bg5 f6 12.Be3 Qe7 13.Nd2 c5 14.g3 cxd4 15.cxd4 
exd4 16.Bxd4 O-O 17.Re1 Nc5 18.a4 a5 19.Qh5 Qc7 20.f4 Qc6 21.Ra3 f5 22.Nf3
Ne6 23.Bf2 Rae8 24.exf5 Nexf4 25.gxf4 Rxe1+ 26.Bxe1 Nxf4 27.Qg4 Qc5+ 28.
Nd4 Qxd4+ 29.Bf2 Qd2 30.Re3 Qxc2 31.Qxf4 Qxa4 32.Qd4 Qc6 33.Kf1 Rxf5 34.
Qg4 Qh1+ 35.Ke2 Qb1 36.Be1 h5 37.Qd4 Qc2+ 38.Bd2 Qb1 39.Be1 Qc2+ 40.Bd2 
Re5 41.Rxe5 dxe5 42.Qd8+ Kh7 43.Qxb6 Qxc4+ 44.Ke1 Qe4+ 45.Kd1 Qh1+ 46.Kc2 
Be4+ 47.Kc3 a4 48.Qb4 Qa1+ 49.Kc4 Qd4+ 50.Kb5 a3 51.Bc3 Qd5+ 52.Qc5 Bd3+ 
53.Kb4 Qxc5+ 54.Kxc5 e4 55.Kb4 a2 56.Kb3 Bb1 57.Kb2 g5 58.Kc1 Kg6 59.Kd2 
Kf5 60.Ke3 Kg4 61.Be5 Kh3 62.Kf2 h4 63.Kf1 g4 64.Kg1 g3 65.hxg3 hxg3 66.
Bd4 e3 67.Kf1 g2+ 68.Kg1 Kg3 69.Be5+ Kf3 70.Bc3 e2 71.Be1 0-1

[Event "Mondariz zt 1.1"]
[Site "Mondariz"]
[Date "2000.09.12"]
[Round "9"]
[White "Lautier, Joel"]
[Black "Tiviakov, Sergei"]
[Result "1-0"]
[WhiteElo "2648"]
[BlackElo "2608"]
[EventDate "2000.09.03"]
[PlyCount "139"]

1.d4 Nf6 2.c4 e6 3.g3 d5 4.Bg2 Bb4+ 5.Bd2 Be7 6.Nf3 c6 7.Qc2 O-O 8.O-O b6 
9.Bf4 Bb7 10.Rd1 Nbd7 11.Nc3 dxc4 12.Nd2 Nd5 13.Nxc4 Nxf4 14.gxf4 Qc7 15.
e3 Rac8 16.Rac1 Nf6 17.a3 Nd5 18.Ne5 Bd6 19.Qa4 Nxc3 20.Rxc3 Bxe5 21.fxe5 
f6 22.f4 Ba8 23.b4 Qf7 24.Qc2 Qh5 25.Rd2 fxe5 26.dxe5 g5 27.Rd7 Rf7 28.
Rxf7 Qxf7 29.Qd2 gxf4 30.exf4 Kh8 31.Rd3 Rg8 32.Rd8 a6 33.Kf2 Qe7 34.Rxg8+
Kxg8 35.Ke3 Kf7 36.Qd3 Qh4 37.Qd7+ Qe7 38.Bxc6 Bxc6 39.Qxc6 Qa7 40.Kf3 b5 
41.Ke4 h6 42.Kd3 Qe7 43.Qxa6 Qd7+ 44.Qd6 Qa7 45.Ke2 Qb7 46.Kf2 Qa7+ 47.Ke2
Qb7 48.Ke3 Qa7+ 49.Ke4 Qa8+ 50.Kd4 Qa7+ 51.Qc5 Qd7+ 52.Qd6 Qa7+ 53.Qc5 
Qd7+ 54.Ke3 Qb7 55.Qd4 Qc6 56.Kf2 Qc2+ 57.Kf3 Qc6+ 58.Kg3 Kg6 59.Qd3+ Kg7 
60.h3 Qb6 61.Kh4 Qc6 62.Qd6 Qe8 63.f5 exf5 64.Qf6+ Kh7 65.Qxf5+ Kg7 66.
Qf6+ Kh7 67.e6 Qc6 68.Qe7+ Kg8 69.Qd8+ Kg7 70.Qd7+ 1-0

[Event "Mondariz zt 1.1"]
[Site "Mondariz"]
[Date "2000.09.12"]
[Round "9"]
[White "Nijboer, Friso"]
[Black "De la Riva Aguado, Oscar"]
[Result "1/2-1/2"]
[WhiteElo "2537"]
[BlackElo "2462"]
[EventDate "2000.09.03"]
[PlyCount "121"]

1.e4 c5 2.Nf3 Nc6 3.d4 cxd4 4.Nxd4 Qc7 5.Nc3 e6 6.Be2 a6 7.O-O Nf6 8.Kh1 
Nxd4 9.Qxd4 Bc5 10.Qd3 b5 11.f4 Bb7 12.Bf3 h5 13.e5 Ng4 14.Bxb7 Qxb7 15.
Ne4 Be7 16.b3 Nh6 17.Qf3 Rb8 18.Bb2 h4 19.Rac1 Nf5 20.c4 bxc4 21.Rxc4 O-O 
22.Rfc1 Rfd8 23.Rc7 Qd5 24.R7c4 Qa8 25.Nd2 d5 26.exd6 Qxf3 27.Nxf3 Bxd6 
28.Kg1 Rb5 29.Kf2 Rd5 30.Ke2 f6 31.R1c2 a5 32.Bc1 Kf7 33.Bd2 Rd7 34.Ra4 
Bc7 35.Be1 e5 36.fxe5 Re7 37.Bc3 fxe5 38.Nxh4 Nd4+ 39.Bxd4 exd4+ 40.Kd3 
Re3+ 41.Kc4 Ke6 42.Nf3 Bb6 43.b4 Kd6 44.a3 d3 45.Rd2 Re8 46.Kb3 Rc8 47.Ne1
Bf2 48.Rxd3 Bxe1 49.Rxd5+ Kxd5 50.Rxa5+ Kd6 51.Rg5 Rc3+ 52.Ka4 Rc7 53.g4 
Bf2 54.Kb5 Be3 55.Rf5 Bc1 56.a4 Bd2 57.Rf2 Be1 58.Re2 Rb7+ 59.Ka6 Rxb4 60.
Rxe1 Rxa4+ 61.Kb5 1/2-1/2

[Event "Mondariz zt 1.1"]
[Site "Mondariz"]
[Date "2000.09.12"]
[Round "9"]
[White "Norris, Alan J"]
[Black "McMahon, Daire"]
[Result "0-1"]
[WhiteElo "2299"]
[BlackElo "2246"]
[EventDate "2000.09.03"]
[PlyCount "128"]

1.Nf3 Nf6 2.c4 e6 3.g3 d5 4.Bg2 c5 5.O-O Nc6 6.cxd5 Nxd5 7.Nc3 Nc7 8.b3 
Be7 9.Bb2 O-O 10.Rc1 b6 11.d4 Nxd4 12.Nxd4 cxd4 13.Na4 Nd5 14.Qxd4 Bf6 15.
Qd2 Ba6 16.Rfd1 Bxb2 17.Qxb2 Qe7 18.Bxd5 exd5 19.Nc3 Rad8 20.Rd4 Rfe8 21.
Rc2 Qe5 22.Rcd2 Rc8 23.e3 h6 24.Nxd5 Bb7 25.Qb1 Rc5 26.Qd3 Rec8 27.e4 Rc1+
28.Kg2 Re1 29.Rd1 Rc1 30.Rxc1 Rxc1 31.Qd2 Ra1 32.Nc3 f5 33.f3 fxe4 34.Nxe4
Qb5 35.Rc4 Ba6 36.Qb2 Re1 37.Qd2 Ra1 38.g4 Qe5 39.Rc1 Bb7 40.Rxa1 Qxa1 41.
Nd6 Bc6 42.Qc2 Bd7 43.Qc4+ Kh7 44.Qe4+ Kg8 45.Qd5+ Kh7 46.a4 Qb2+ 47.Kg3 
Qc3 48.Ne4 Qe1+ 49.Kf4 Qc1+ 50.Ke5 Bc6 51.Qd3 Kh8 52.Qc3 Qxc3+ 53.Nxc3 
Bxf3 54.Kd6 Bxg4 55.b4 Bf3 56.Kc7 g5 57.Kb8 a5 58.b5 g4 59.Kc7 h5 60.Nb1 
h4 61.Nd2 Bg2 62.Kxb6 g3 63.h3 Bd5 64.Kc5 Ba8 0-1

[Event "Mondariz zt 1.1"]
[Site "Mondariz"]
[Date "2000.09.12"]
[Round "9"]
[White "Parker, Jonathan"]
[Black "Hauchard, Arnaud"]
[Result "1-0"]
[WhiteElo "2539"]
[BlackElo "2539"]
[EventDate "2000.09.03"]
[PlyCount "81"]

1.d4 Nf6 2.c4 e6 3.Nc3 Bb4 4.g3 O-O 5.Bg2 d5 6.cxd5 exd5 7.Nf3 c6 8.O-O 
Re8 9.Qb3 Bf8 10.Bg5 Nbd7 11.Rad1 Qb6 12.Qc2 h6 13.Bf4 g6 14.Qc1 Kh7 15.
Ne5 Re7 16.e4 dxe4 17.Nc4 Qa6 18.Nd6 Nb6 19.Be5 Bg7 20.Bxf6 Bxf6 21.Ndxe4 
Bg7 22.Rfe1 Be6 23.Nc5 Qa5 24.Nxe6 Rxe6 25.Rxe6 fxe6 26.Qc2 Rd8 27.Ne2 e5 
28.Be4 Rd6 29.h4 h5 30.dxe5 Rxd1+ 31.Qxd1 Qxe5 32.Qd3 Kh6 33.Bxg6 Qxb2 34.
Bxh5 Qf6 35.Bf3 Qa1+ 36.Kg2 Be5 37.Bh5 Kg7 38.Qg6+ Kh8 39.Qe8+ Kg7 40.Qf7+
Kh8 41.Bg6 1-0

[Event "Mondariz zt 1.1"]
[Site "Mondariz"]
[Date "2000.09.12"]
[Round "9"]
[White "Reinaldo Castineira, Roi"]
[Black "Galego, Luis"]
[Result "1/2-1/2"]
[WhiteElo "2416"]
[BlackElo "2419"]
[EventDate "2000.09.03"]
[PlyCount "68"]

1.e4 c5 2.Nf3 e6 3.d4 cxd4 4.Nxd4 a6 5.Bd3 Nf6 6.c4 Nc6 7.Be3 Bb4+ 8.Nc3 
Ne5 9.O-O Bxc3 10.bxc3 Qc7 11.Bc1 d6 12.f4 Nxd3 13.Qxd3 e5 14.fxe5 dxe5 
15.Qg3 Nh5 16.Qf3 exd4 17.Qxh5 dxc3 18.Bf4 Qxc4 19.Qe5+ Be6 20.Qxg7 O-O-O 
21.Rac1 Qc5+ 22.Kh1 Rhg8 23.Rxc3 Rxg7 24.Rxc5+ Kd7 25.Rc7+ Ke8 26.Rxb7 
Bxa2 27.Rc1 Rg6 28.Kg1 Kf8 29.Rc2 Be6 30.Ra7 Bg4 31.Kf2 h5 32.h3 Bd1 33.
Rcc7 Bb3 34.Rc3 Bd1 1/2-1/2